00568nam a2200169 i 4500001000400000100003200004245008000036260005700116300002100173650004700194650004200241700004300283020001500326040000800341041000800349008004100357bgj1 aMcCARTHY, Michaeld(1947- )10aEnglish Vocabulary in Use :badvanced /cMichael McCarthy, Felicity O'Dell. aCambridge (UK) :bCambridge University Press,c2003. a315 pp ;c25 cm. 9aEnglish languagexTextbooks for foreigners 9aVocabularyxProblems, excersises etc.1 aO'DELL, Felicityd(1947- ).eco-author a0521653975 cBPK0 aeng s uk f |000 0 eng